[Event "57th ch-RUS Qualifier"]
[Site "St Petersburg RUS"]
[Date "2004.05.21"]
[Round "1"]
[White "Alekseev,Evgeny"]
[Black "Ionov,S"]
[Result "1/2-1/2"]
[WhiteElo "2616"]
[BlackElo "2538"]
[EventDate "2004.05.21"]

1. c4 Nf6 2. Nc3 c5 3. e4 Nc6 4. g3 e6 5. f4 d5 6. e5 d4 7. Nb1 Nd7 8. Bg2
f6 9. Bxc6 bxc6 10. Nf3 fxe5 11. fxe5 Be7 12. d3 O-O 13. O-O Rf5 14. Qe2
Nf8 15. Nbd2 Ng6 16. Ne4 Bd7 17. g4 1/2-1/2

[Event "57th ch-RUS Qualifier"]
[Site "St Petersburg RUS"]
[Date "2004.05.21"]
[Round "1"]
[White "Dobrov,V"]
[Black "Yakovich,Yur"]
[Result "1/2-1/2"]
[WhiteElo "2477"]
[BlackElo "2596"]
[EventDate "2004.05.21"]

1. d4 Nf6 2. c4 e6 3. Nf3 d5 4. Nc3 dxc4 5. Bg5 Bb4 6. e3 b5 7. a4 c6 8.
Nd2 Bb7 9. axb5 Bxc3 10. bxc3 cxb5 11. Qb1 Qb6 12. Bxf6 gxf6 13. Ra2 Nd7
14. Rb2 a6 15. Bxc4 Bxg2 16. Rg1 Bc6 17. Bf1 Qc7 18. c4 bxc4 19. Bxc4 Qxh2
20. Rg3 h5 21. Nf1 Qh1 22. f3 h4 23. Rgg2 Bxf3 24. Rh2 Qg1 25. Rhf2 Bc6 26.
Qa2 Qg8 27. d5 exd5 28. Bxd5 Bxd5 29. Qxd5 Rd8 30. Rxf6 Qg7 31. Rf5 Rh6 32.
Rb4 Qc3+ 33. Ke2 Rf6 34. Re4+ Kf8 35. Rh5 Rg6 36. Rexh4 Qb2+ 37. Nd2 Qb5+
38. Qxb5 1/2-1/2

[Event "57th ch-RUS Qualifier"]
[Site "St Petersburg RUS"]
[Date "2004.05.21"]
[Round "1"]
[White "Gleizerov,E"]
[Black "Solovjov,S"]
[Result "1/2-1/2"]
[WhiteElo "2592"]
[BlackElo "2458"]
[EventDate "2004.05.21"]

1. d4 d5 2. c4 e6 3. Nf3 c6 4. g3 dxc4 5. Bg2 b5 6. Ne5 Bb7 7. a4 Bb4+ 8.
Nc3 a6 9. O-O Ne7 10. axb5 axb5 11. Rxa8 Bxa8 12. Nxb5 cxb5 13. Bxa8 f6 14.
Nf3 Nbc6 15. Bxc6+ Nxc6 16. e4 O-O 17. b3 Qd7 18. bxc4 bxc4 19. Be3 f5 20.
Qc2 fxe4 21. Ng5 Qd5 22. Qxe4 1/2-1/2

[Event "57th ch-RUS Qualifier"]
[Site "St Petersburg RUS"]
[Date "2004.05.21"]
[Round "1"]
[White "Romanov,E"]
[Black "Burmakin,V"]
[Result "1-0"]
[WhiteElo "2392"]
[BlackElo "2571"]
[EventDate "2004.05.21"]

1. e4 c6 2. d4 d5 3. e5 Bf5 4. h4 h5 5. c4 e6 6. Bg5 Qb6 7. Qd2 dxc4 8. Nc3
Qb4 9. a3 Qb3 10. Rc1 Ne7 11. Nge2 Bd3 12. Rh3 Qb6 13. Ng3 Bxf1 14. Kxf1
Nd7 15. Nge4 Nf5 16. Ne2 c5 17. dxc5 Nxc5 18. Rxc4 Nxe4 19. Rxe4 Bc5 20.
Nc3 Be7 21. Bxe7 Nxe7 22. Rd3 O-O 23. Rd6 Qc5 24. Rd7 Nc6 25. Rxb7 Na5 26.
Rb5 Qc7 27. Qd6 Qxd6 28. exd6 Nc6 29. Rc4 Nd8 30. Rc7 f5 31. Na4 Nf7 32. d7
Nd6 33. Ra5 Rfd8 34. Nc5 Kf7 35. Raxa7 Rxa7 36. Rxa7 Ke7 37. a4 e5 38. b4
1-0

[Event "57th ch-RUS Qualifier"]
[Site "St Petersburg RUS"]
[Date "2004.05.21"]
[Round "1"]
[White "Kuzmin,A"]
[Black "Danin,A"]
[Result "1-0"]
[WhiteElo "2567"]
[BlackElo "2332"]
[EventDate "2004.05.21"]

1. d4 Nf6 2. c4 g6 3. f3 d5 4. cxd5 Nxd5 5. e4 Nb6 6. Nc3 Bg7 7. Be3 O-O 8.
Qd2 Nc6 9. O-O-O f5 10. h4 fxe4 11. h5 gxh5 12. d5 Na5 13. Bh6 Bxh6 14.
Qxh6 Qd6 15. Rxh5 Qxh6+ 16. Rxh6 Nac4 17. Re1 Bf5 18. fxe4 Bg6 19. Nf3 c6
20. dxc6 bxc6 21. Rh4 Rab8 22. b3 Nd6 23. Bd3 Nd7 24. Bc2 Nb5 25. Kb2 Nc7
26. e5 Bxc2 27. Kxc2 Rf5 28. Rc4 Nb5 29. Kb2 Nxc3 30. Kxc3 Rc8 31. Rd1 Nb6
32. Rc5 Rff8 33. Rd2 Nd5+ 34. Kc2 Rfd8 35. Kb2 Nb4 36. Rxd8+ Rxd8 37. Rc4
Nd3+ 38. Kc3 Rd5 39. Rd4 Rxd4 40. Kxd4 Nc1 41. Kc5 Nxa2 42. Kxc6 Kf7 43.
Kd7 h6 44. e6+ Kf6 45. Nh2 h5 46. g4 Nc1 47. gxh5 Nxb3 48. Ng4+ Kg5 49.
Kxe7 Nd4 50. h6 Kg6 51. Kd7 Nf5 52. Ne3 1-0

[Event "57th ch-RUS Qualifier"]
[Site "St Petersburg RUS"]
[Date "2004.05.22"]
[Round "2"]
[White "Epishin,V"]
[Black "Romanov,E"]
[Result "1-0"]
[WhiteElo "2610"]
[BlackElo "2392"]
[EventDate "2004.05.21"]

1. d4 Nf6 2. c4 e6 3. Nc3 Bb4 4. e3 O-O 5. Nge2 d5 6. a3 Be7 7. cxd5 exd5
8. g3 a5 9. Bg2 Na6 10. O-O c6 11. Bd2 Nc7 12. h3 b5 13. Nf4 Ne6 14. Nce2
Nxf4 15. Nxf4 Bb7 16. Qc2 Bd6 17. Nd3 Ne4 18. b4 axb4 19. Bxb4 Re8 20. Bxd6
Qxd6 21. a4 Ba6 22. axb5 Bxb5 23. Rxa8 Rxa8 24. Rc1 Bxd3 25. Qxd3 f5 26.
Qc2 Rc8 27. g4 fxg4 28. hxg4 Qe6 29. Bxe4 dxe4 30. Qc4 Re8 31. Kg2 Qxc4 32.
Rxc4 Re6 33. Rc5 h6 34. Kg3 g5 35. f4 exf3 36. Kxf3 Kf7 37. e4 Kg6 38. e5
h5 39. gxh5+ Kxh5 40. Rc1 g4+ 41. Kf4 Re8 42. Rh1+ Kg6 43. Rg1 Kf7 44. Rxg4
Rf8 45. Ke4 Ra8 46. Kf5 Ra5 47. Rg6 Ra4 48. e6+ Ke7 49. Rg7+ Kd8 50. Kf6
Ra1 51. Rd7+ Kc8 52. Rf7 Rf1+ 53. Ke5 1-0

[Event "57th ch-RUS Qualifier"]
[Site "St Petersburg RUS"]
[Date "2004.05.22"]
[Round "2"]
[White "Solovjov,S"]
[Black "Alekseev,Evgeny"]
[Result "0-1"]
[WhiteElo "2458"]
[BlackElo "2616"]
[EventDate "2004.05.21"]

1. e4 c5 2. Nf3 Nc6 3. d4 cxd4 4. Nxd4 Nf6 5. Nc3 d6 6. Be3 Ng4 7. Bb5 Nxe3
8. fxe3 Bd7 9. O-O e6 10. Bxc6 bxc6 11. Qf3 Qf6 12. Qe2 Qg5 13. Qf3 Qf6 14.
Qe2 Qg5 15. Qf3 Qg6 16. Qe2 Be7 17. Qa6 O-O 18. Qb7 Bg5 19. Rae1 Rfd8 20.
Nxc6 Bxc6 21. Qxc6 Bf6 22. Ne2 Bxb2 23. Rb1 Rac8 24. Qa4 Bf6 25. Nf4 Qg5
26. Rb5 Rc5 27. Rb7 a5 28. Rfb1 h5 29. Rb8 Rcc8 30. R8b5 Be5 31. Rf1 Rc3
32. Rb7 Bf6 33. Rb5 Be5 34. Rb7 Bf6 35. Rb5 Rc5 36. c4 Ra8 37. Rfb1 Rac8
38. Qxa5 Be5 39. Rxc5 Rxc5 40. Qa7 Rxc4 41. h3 Qg3 42. Rf1 Rc2 43. Rf3
Rxg2+ 44. Nxg2 Qxf3 45. Qa4 g5 46. Qc2 Qxh3 47. a4 Bg3 0-1

[Event "57th ch-RUS Qualifier"]
[Site "St Petersburg RUS"]
[Date "2004.05.22"]
[Round "2"]
[White "Riazantsev,A"]
[Black "Silivanov,S"]
[Result "1-0"]
[WhiteElo "2556"]
[BlackElo "2291"]
[EventDate "2004.05.21"]

1. d4 d5 2. c4 e6 3. Nf3 Nf6 4. Nc3 Nbd7 5. cxd5 exd5 6. Bg5 c6 7. e3 Be7
8. Bd3 O-O 9. Qc2 Re8 10. O-O Nf8 11. Rab1 Be6 12. b4 Rc8 13. Rfc1 N6d7 14.
Bxe7 Qxe7 15. Na4 Bg4 16. Nd2 b5 17. Nc5 Nb6 18. a4 Nc4 19. Ra1 Rc7 20. Nf1
Bc8 21. Ng3 g6 22. axb5 cxb5 23. e4 dxe4 24. Ngxe4 Nd6 25. Re1 Nxe4 26.
Rxe4 Qd8 27. Bxb5 Rxe4 28. Qxe4 Re7 29. Qd3 Ne6 30. d5 Nf4 31. Qd4 Nxd5 32.
Bc4 Be6 33. h3 Qd6 34. Rd1 a5 35. bxa5 Rc7 36. Ne4 1-0

[Event "57th ch-RUS Qualifier"]
[Site "St Petersburg RUS"]
[Date "2004.05.23"]
[Round "3"]
[White "Shaposhnikov,E"]
[Black "Tseshkovsky,V"]
[Result "0-1"]
[WhiteElo "2559"]
[BlackElo "2564"]
[EventDate "2004.05.21"]

1. e4 c5 2. Nf3 d6 3. Bc4 Nf6 4. e5 dxe5 5. Nxe5 e6 6. Qe2 Be7 7. b3 O-O 8.
Bb2 Nbd7 9. f4 Nd5 10. O-O Nxe5 11. fxe5 Nb4 12. Na3 a6 13. c3 b5 14. cxb4
cxb4 15. Nxb5 axb5 16. Bxb5 Bc5+ 17. Kh1 Bd4 18. Bxd4 Qxd4 19. Bc4 Ra5 20.
Rfe1 Bb7 21. d3 Rfa8 22. h3 h5 23. Rf1 Rxe5 24. Qf2 Qd7 25. Qf4 Re2 26. Rf2
Rxf2 27. Qxf2 Ra5 28. d4 Rg5 29. Rg1 Qd6 30. d5 Bxd5 31. Bxd5 Rxd5 32. Qe2
g6 33. Rf1 Rd2 34. Qf3 Qd7 35. Qa8+ Kg7 36. Rg1 Qd5 37. Qb8 Qe4 38. Qa7 e5
39. Qa4 Rd3 40. Kh2 Qf4+ 41. Kh1 Qd4 42. Qe8 Rd1 43. Rxd1 Qxd1+ 44. Kh2 Qd4
0-1

[Event "57th ch-RUS Qualifier"]
[Site "St Petersburg RUS"]
[Date "2004.05.23"]
[Round "3"]
[White "Tregubov,P"]
[Black "Ionov,S"]
[Result "1/2-1/2"]
[WhiteElo "2636"]
[BlackElo "2538"]
[EventDate "2004.05.21"]

1. d4 Nf6 2. c4 e6 3. Nf3 b6 4. g3 Ba6 5. Nbd2 c5 6. e4 cxd4 7. e5 Ng4 8.
h3 Nh6 9. Bg2 Nc6 10. O-O Nf5 11. g4 Nfe7 12. Qa4 Bb7 13. Nxd4 Nxd4 14.
Bxb7 Rb8 15. Bg2 Ng6 16. Re1 Qc7 17. Re4 Nc6 18. Nf3 Be7 19. Bd2 O-O 20.
Rae1 f5 21. exf6 Rxf6 22. Bg5 Rf7 23. Bxe7 Rxe7 24. Nd4 Nxd4 25. Rxd4 Rf8
26. Red1 Rff7 27. Qa3 Re8 28. Qd6 Rc8 29. b3 Nf4 30. Bf1 Qxd6 31. Rxd6 Rc7
32. a4 Kf8 33. b4 Ke7 34. R6d2 g5 35. a5 d5 36. cxd5 Nxd5 37. axb6 1/2-1/2

[Event "57th ch-RUS Qualifier"]
[Site "St Petersburg RUS"]
[Date "2004.05.23"]
[Round "3"]
[White "Landa,K"]
[Black "Yakovich,Yur"]
[Result "1-0"]
[WhiteElo "2550"]
[BlackElo "2596"]
[EventDate "2004.05.21"]

1. e4 c5 2. Nf3 Nc6 3. d4 cxd4 4. Nxd4 Nf6 5. Nc3 e6 6. Nxc6 bxc6 7. e5 Nd5
8. Ne4 Bb7 9. Be2 c5 10. O-O Qc7 11. Nd6+ Bxd6 12. exd6 Qc6 13. f3 c4 14.
Qd4 O-O 15. Bxc4 Rfc8 16. Bb3 Qxd6 17. Rd1 Qb6 18. c4 Qxd4+ 19. Rxd4 Nb6
20. Bd2 d5 21. cxd5 Bxd5 22. Bd1 Nc4 23. Bc1 Rab8 24. b3 Nd6 25. Bb2 Rc6
26. Ra4 Nb5 27. Rb4 Rbb6 28. Kf2 Nc3 29. Bxc3 Rxc3 30. Rxb6 axb6 31. Ke2
Kf8 32. Kd2 Rc7 33. Rc1 Ra7 34. a4 Ke7 35. Rc8 Kd6 36. Kc3 Bc6 37. Rd8+ Rd7
38. Rg8 g6 39. Be2 h5 40. h4 Bd5 41. Rc8 Bb7 42. Rb8 Kc7 43. Rf8 Bd5 44.
Bb5 Bc6 45. Ba6 Bb7 46. Bc4 Bc6 47. Kb4 Bb7 48. Ka3 Bc6 49. b4 b5 50. axb5
Bd5 51. Bxd5 Rxd5 52. Rxf7+ Kb6 53. Rg7 Kxb5 54. Rxg6 Rd3+ 55. Kb2 Kxb4 56.
Kc2 Rd4 57. g3 e5 58. Rg5 e4 59. fxe4 Rxe4 60. Kd3 1-0

[Event "57th ch-RUS Qualifier"]
[Site "St Petersburg RUS"]
[Date "2004.05.23"]
[Round "3"]
[White "Dolmatov,S"]
[Black "Popov,Val"]
[Result "1/2-1/2"]
[WhiteElo "2573"]
[BlackElo "2547"]
[EventDate "2004.05.21"]

1. e4 e6 2. d4 d5 3. Nd2 h6 4. Ngf3 Nf6 5. Bd3 c5 6. exd5 Qxd5 7. dxc5 Bxc5
8. O-O b6 9. Nb3 Be7 10. Bf4 Bb7 11. c4 Qd8 12. Ne5 Nc6 13. Nxc6 Bxc6 14.
Qe2 Qd7 1/2-1/2

[Event "57th ch-RUS Qualifier"]
[Site "St Petersburg RUS"]
[Date "2004.05.23"]
[Round "3"]
[White "Romanov,E"]
[Black "Kuzmin,A"]
[Result "1/2-1/2"]
[WhiteElo "2392"]
[BlackElo "2567"]
[EventDate "2004.05.21"]

1. e4 e5 2. Nf3 Nc6 3. Bb5 a6 4. Ba4 Nf6 5. O-O Be7 6. Re1 b5 7. Bb3 d6 8.
a4 Bd7 9. c3 O-O 10. d4 Bg4 11. d5 Na5 12. Bc2 c6 13. h3 Bh5 14. dxc6 Nxc6
15. Bg5 b4 16. Nbd2 bxc3 17. bxc3 d5 18. Bxf6 Bxf6 19. exd5 Qxd5 20. Be4
Qc5 21. Nb3 Qb6 22. a5 Qc7 23. Nc5 Bg6 24. Nd7 Rad8 25. Bxc6 Qxc6 26. Nfxe5
Bxe5 1/2-1/2

[Event "57th ch-RUS Qualifier"]
[Site "St Petersburg RUS"]
[Date "2004.05.23"]
[Round "3"]
[White "Gleizerov,E"]
[Black "Belov,Vl"]
[Result "1/2-1/2"]
[WhiteElo "2592"]
[BlackElo "2543"]
[EventDate "2004.05.21"]

1. d4 Nf6 2. c4 g6 3. Nc3 d5 4. cxd5 Nxd5 5. Bd2 Bg7 6. e4 Nb6 7. Be3 O-O
8. f4 Nc6 9. d5 Na5 10. Bd4 e5 11. Bxe5 Bxe5 12. fxe5 Qh4+ 13. g3 Qe7 14.
Qd4 Rd8 15. b4 Nac4 16. Nf3 Bg4 17. Bxc4 Bxf3 18. O-O Qxb4 19. e6 fxe6 20.
Rxf3 Qxc4 21. Qf6 exd5 22. Qf7+ 1/2-1/2

[Event "57th ch-RUS Qualifier"]
[Site "St Petersburg RUS"]
[Date "2004.05.23"]
[Round "3"]
[White "Kurnosov,I"]
[Black "Solovjov,S"]
[Result "1/2-1/2"]
[WhiteElo "2543"]
[BlackElo "2458"]
[EventDate "2004.05.21"]

1. e4 c5 2. Nf3 d6 3. d4 cxd4 4. Nxd4 Nf6 5. Nc3 g6 6. Be3 Bg7 7. f3 O-O 8.
Qd2 Nc6 9. O-O-O d5 10. exd5 Nxd5 11. Nxc6 bxc6 12. Bd4 Nxc3 13. Qxc3 Bh6+
14. Be3 Bxe3+ 15. Qxe3 Qb6 16. Qc3 Be6 17. h4 Rfd8 18. Bd3 Qe3+ 19. Kb1 c5
20. h5 Qd4 21. hxg6 hxg6 22. Qe1 a5 23. Be2 Qe5 24. Qh4 Rdb8 25. Qh7+ Kf8
26. Qh8+ Qxh8 27. Rxh8+ Kg7 28. Rxb8 Rxb8 29. Kc1 Rh8 30. Kd2 g5 31. Ke3 f5
32. Rd3 Kf6 33. Ra3 Rb8 34. Rxa5 Rxb2 35. Rxc5 Rxa2 36. g3 Ra4 37. f4 gxf4+
38. gxf4 Re4+ 39. Kf3 Bf7 40. Bd3 Bh5+ 41. Kg3 Re3+ 42. Kg2 Bg4 43. Rc6+
1/2-1/2

[Event "57th ch-RUS Qualifier"]
[Site "St Petersburg RUS"]
[Date "2004.05.24"]
[Round "4"]
[White "Burmakin,V"]
[Black "Shaposhnikov,E"]
[Result "0-1"]
[WhiteElo "2571"]
[BlackElo "2559"]
[EventDate "2004.05.21"]

1. Nf3 c5 2. g3 Nc6 3. c4 g6 4. Bg2 Bg7 5. Nc3 e6 6. O-O Nge7 7. a3 d5 8.
cxd5 exd5 9. d3 O-O 10. Bf4 h6 11. Rb1 Be6 12. Na4 b6 13. b4 cxb4 14. axb4
Nf5 15. b5 Ncd4 16. Nxd4 Nxd4 17. Nc3 Rc8 18. Bd2 Qd7 19. Kh1 Bg4 20. f3
Be6 21. Qa4 Rfe8 22. Rfc1 Bh3 23. e3 Bxg2+ 24. Kxg2 Qf5 25. Qd1 Nxf3 26.
Qxf3 Qxd3 27. Qxd5 Rxc3 28. Qxd3 Rxd3 29. Rc2 Red8 30. Bc1 Bf8 31. Kf3 Bc5
32. Ra1 R8d7 33. Rca2 Rc3 34. Bd2 Rb3 35. Ke2 Rd5 36. Rc2 Rh5 37. h4 Re5
38. Rxa7 Bxe3 39. Be1 Rb1 40. Rc8+ Kg7 41. Rcc7 Bc5+ 42. Kd3 Rbxe1 43.
Rxf7+ Kg8 44. Rg7+ Kf8 45. Raf7+ Ke8 46. Ra7 Re7 47. Ra8+ Kd7 48. Rxg6
R1e3+ 49. Kc2 Re2+ 50. Kd1 R2e6 51. Rgg8 Rd6+ 52. Kc2 Ke6 0-1

[Event "57th ch-RUS Qualifier"]
[Site "St Petersburg RUS"]
[Date "2004.05.24"]
[Round "4"]
[White "Yakovich,Yur"]
[Black "Kurnosov,I"]
[Result "1-0"]
[WhiteElo "2596"]
[BlackElo "2543"]
[EventDate "2004.05.21"]

1. c4 Nf6 2. Nc3 e5 3. Nf3 Nc6 4. g3 Nd4 5. Bg2 Nxf3+ 6. Bxf3 Bc5 7. d3 h6
8. O-O O-O 9. Rb1 a5 10. a3 c6 11. b4 Bd4 12. Qb3 axb4 13. axb4 d5 14. cxd5
Nxd5 15. Nxd5 Be6 16. e3 Bb6 17. e4 cxd5 18. exd5 Bh3 19. Bg2 Bxg2 20. Kxg2
Qd6 21. Be3 Rfd8 22. Bxb6 Qxb6 23. Ra1 Rxa1 24. Rxa1 Qd4 25. Ra5 b6 26. Ra6
Rc8 27. Qa2 Rc1 28. Qe2 Qxd5+ 29. Qe4 Qxe4+ 30. dxe4 Rc4 31. Rxb6 Rxe4 32.
Kf3 Rc4 33. Ke3 Rc2 34. h4 h5 35. b5 Rb2 36. Ke4 Rxf2 37. Kxe5 Rf3 38. Rc6
Rxg3 39. b6 Rb3 40. Kd6 f6 41. Kc7 g5 42. hxg5 fxg5 43. b7 Rxb7+ 44. Kxb7
Kg7 45. Kb6 1-0

[Event "57th ch-RUS Qualifier"]
[Site "St Petersburg RUS"]
[Date "2004.05.24"]
[Round "4"]
[White "Yevseev,D"]
[Black "Silivanov,S"]
[Result "1-0"]
[WhiteElo "2580"]
[BlackElo "2291"]
[EventDate "2004.05.21"]

1. d4 d6 2. e4 e5 3. dxe5 dxe5 4. Qxd8+ Kxd8 5. Bc4 Be6 6. Bxe6 fxe6 7. Nf3
Bd6 8. Bg5+ Nf6 9. Nc3 Nc6 10. O-O-O Ke7 11. a3 a6 12. Nd2 h6 13. Bh4 g5
14. Bg3 Nh5 15. Nc4 Raf8 16. f3 Nf4 17. Nxd6 cxd6 18. Rd2 Rc8 19. Rhd1 Nd4
20. Bf2 Rc6 21. Bxd4 exd4 22. Na2 Rf8 23. Kb1 e5 24. c3 Ne6 25. Nb4 Rc5 26.
Nc2 dxc3 27. Rxd6 Rb8 28. Rd7+ Kf6 29. R1d6 Rc6 30. Ne3 Rxd6 31. Ng4+ Kg6
32. Nxe5+ 1-0

[Event "57th ch-RUS Qualifier"]
[Site "St Petersburg RUS"]
[Date "2004.05.24"]
[Round "4"]
[White "Solovjov,S"]
[Black "Nikolenko,O"]
[Result "0-1"]
[WhiteElo "2458"]
[BlackElo "2520"]
[EventDate "2004.05.21"]

1. e4 e6 2. d4 d5 3. Nc3 Nf6 4. e5 Nfd7 5. f4 c5 6. Nf3 Nc6 7. Be3 cxd4 8.
Nxd4 Bc5 9. Qd2 O-O 10. O-O-O a6 11. Qf2 Bxd4 12. Bxd4 b5 13. Be3 b4 14.
Na4 a5 15. Bb5 Qc7 16. Qe2 Ncb8 17. Kb1 Ba6 18. Bd3 Qb7 19. h4 Rc8 20. b3
Bxd3 21. Rxd3 Na6 22. Qg4 Qc6 23. Rc1 Nc7 24. c3 Nb5 25. cxb4 Qa6 26. Qe2
axb4 27. Rd2 Na3+ 28. Kb2 Nc4+ 29. bxc4 Qxa4 30. Kb1 b3 31. axb3 Rcb8 32.
Rc3 Qa1+ 33. Kc2 Ra2+ 34. Kd3 Qb1+ 35. Rdc2 Rxb3 36. cxd5 exd5 37. Kd2 Rxc3
38. Kxc3 Ra3+ 39. Kd2 Qb4+ 40. Kd1 d4 41. Bd2 Ra1+ 42. Rc1 Qb3+ 43. Ke1
Rxc1+ 44. Bxc1 Nc5 45. Qf3 Nd3+ 46. Kf1 h5 47. Bd2 Qc2 48. Be1 Nxe1 49.
Kxe1 d3 50. Qe3 Qxg2 51. Qxd3 Qh1+ 52. Ke2 Qxh4 53. Qf5 g6 54. Qc8+ Kg7 55.
Kf3 Qh1+ 56. Ke3 Qg1+ 57. Kf3 Qd1+ 58. Ke3 h4 59. Qa6 Qb3+ 60. Ke4 Qc2+ 61.
Ke3 Qf5 62. Qa1 Kh7 63. Qd4 Qh3+ 64. Kf2 Qg3+ 65. Kf1 h3 66. Qf2 Qxf2+ 67.
Kxf2 g5 0-1

[Event "57th ch-RUS Qualifier"]
[Site "St Petersburg RUS"]
[Date "2004.05.25"]
[Round "5"]
[White "Landa,K"]
[Black "Volkov,S1"]
[Result "1/2-1/2"]
[WhiteElo "2550"]
[BlackElo "2629"]
[EventDate "2004.05.21"]

1. d4 d5 2. c4 c6 3. e3 Nf6 4. Bd3 Bg4 5. Ne2 e6 6. Nbc3 Nbd7 7. O-O Bd6 8.
f3 Bh5 9. e4 dxe4 10. fxe4 e5 11. d5 a6 12. Kh1 cxd5 13. cxd5 b5 14. a3 O-O
15. Qe1 Bc5 16. Bg5 1/2-1/2

[Event "57th ch-RUS Qualifier"]
[Site "St Petersburg RUS"]
[Date "2004.05.25"]
[Round "5"]
[White "Kuzmin,A"]
[Black "Yakovich,Yur"]
[Result "0-1"]
[WhiteElo "2567"]
[BlackElo "2596"]
[EventDate "2004.05.21"]

1. d4 Nf6 2. c4 e6 3. Nc3 Bb4 4. Qc2 O-O 5. e4 d5 6. e5 Ne4 7. a3 Bxc3+ 8.
bxc3 c5 9. Bd3 Qa5 10. Ne2 cxd4 11. cxd5 exd5 12. f3 Nxc3 13. Nxd4 Nb5+ 14.
Bd2 Nxd4 15. Bxa5 Nxc2+ 16. Bxc2 Nc6 17. Bc7 Nd4 18. Bd1 Bf5 19. Kd2 Rfc8
20. Bd6 Nb5 21. Re1 Nxd6 22. exd6 Be6 23. Rb1 b6 24. f4 Rc6 25. g4 g6 26.
d7 Bxd7 27. Ba4 Rd6 28. Bxd7 Rxd7 29. Rbc1 Kf8 30. Kd3 d4 31. Re4 Re8 32.
Rxd4 Rde7 33. Ra1 Re3+ 34. Kc4 Rc8+ 35. Kb4 Rcc3 36. g5 Rb3+ 37. Ka4 a6 0-1

[Event "57th ch-RUS Qualifier"]
[Site "St Petersburg RUS"]
[Date "2004.05.25"]
[Round "5"]
[White "Nikolenko,O"]
[Black "Yevseev,D"]
[Result "0-1"]
[WhiteElo "2520"]
[BlackElo "2580"]
[EventDate "2004.05.21"]

1. e4 c6 2. d4 d5 3. Nc3 dxe4 4. Nxe4 Bf5 5. Ng3 Bg6 6. h4 h6 7. Nf3 e6 8.
Ne5 Bh7 9. Bd3 Bxd3 10. Qxd3 Nd7 11. f4 Bb4+ 12. c3 Be7 13. Bd2 Ngf6 14.
O-O-O c5 15. Qf3 cxd4 16. Qxb7 Qc8 17. Qxc8+ Rxc8 18. Nxd7 Nxd7 19. Kb1 f5
20. cxd4 Nf6 21. Rhe1 Kf7 22. Re5 Rhd8 23. Ra5 Rxd4 24. Rxa7 Rcd8 25. Kc2
Nd5 26. Re1 Rc8+ 27. Kd1 Kf8 28. Rxe7 Nxe7 29. Rxe6 Rcd8 30. Re2 Rxf4 31.
Kc2 Rg4 32. Nh5 Nc6 33. Rf2 Rxh4 34. Nf4 Kf7 35. a4 g5 36. Ne2 Rxa4 37.
Rxf5+ Kg6 38. Rf2 Ne7 39. Nc3 Rg4 40. Ne2 Nd5 41. g3 Nb4+ 42. Bxb4 Rxb4 43.
Rf3 Re4 44. Nc3 Red4 45. Rf2 Re8 46. Ne2 Rde4 47. Kd3 Re3+ 48. Kd2 Rb3 49.
Kc1 Rc8+ 50. Kd1 Rcb8 0-1

[Event "57th ch-RUS Qualifier"]
[Site "St Petersburg RUS"]
[Date "2004.05.25"]
[Round "5"]
[White "Ivanov,Se1"]
[Black "Burmakin,V"]
[Result "1/2-1/2"]
[WhiteElo "2546"]
[BlackElo "2571"]
[EventDate "2004.05.21"]

1. d4 c6 2. c4 d5 3. Nf3 Nf6 4. e3 e6 5. Bd3 Nbd7 6. Nc3 Bd6 7. e4 dxe4 8.
Nxe4 Nxe4 9. Bxe4 Bb4+ 10. Bd2 Qa5 11. O-O Nf6 12. Bd3 Bxd2 13. Nxd2 Qb6
14. Nb3 O-O 15. Re1 Rd8 16. Qc2 a5 17. c5 Qc7 18. a4 b6 19. Rad1 Ba6 20.
Bxa6 Rxa6 21. Qc4 Raa8 22. Rc1 Rdb8 23. cxb6 Rxb6 24. Re3 Rb4 25. Qxc6 Qxc6
26. Rxc6 Nd5 27. Rf3 Rxa4 28. g3 h6 29. Kg2 Ra2 30. Rc2 Rb8 31. h4 g5 32.
hxg5 hxg5 33. Re2 Kg7 34. Nc5 Rbxb2 35. Re5 Kg6 36. Ne4 Re2 37. Rxg5+ Kh6
38. Rxf7 Rxe4 39. Rg8 Rxd4 40. Kh3 Rc4 41. Rfg7 Rc7 42. Rg4 Kh7 43. R8g5
Kh8 44. Rg8+ Kh7 1/2-1/2

[Event "57th ch-RUS Qualifier"]
[Site "St Petersburg RUS"]
[Date "2004.05.25"]
[Round "5"]
[White "Gleizerov,E"]
[Black "Danin,A"]
[Result "0-1"]
[WhiteElo "2592"]
[BlackElo "2332"]
[EventDate "2004.05.21"]

1. d4 Nf6 2. c4 g6 3. Nc3 d5 4. cxd5 Nxd5 5. Bd2 Bg7 6. e4 Nb6 7. Be3 O-O
8. Bb5 f5 9. exf5 Bxf5 10. Nf3 a6 11. Be2 Nc6 12. Qb3+ Kh8 13. d5 Ne5 14.
Rd1 Nxf3+ 15. Bxf3 Qd6 16. O-O Nd7 17. Be4 Nc5 18. Qc4 Nxe4 19. Nxe4 Bxe4
20. Qxe4 Rf5 21. Rd2 Rd8 22. Rfd1 Be5 23. g3 Bg7 24. b3 Rd7 25. Bf4 Be5 26.
Be3 Bg7 27. Kg2 Bc3 28. Rd3 Bg7 29. f4 Rf8 30. R3d2 Rfd8 31. Rc1 Kg8 32.
Rcd1 Bc3 33. Rd3 Bg7 34. f5 gxf5 35. Qxf5 Qg6 36. Qxg6 hxg6 37. Bf4 Bf6 38.
R3d2 Bc3 39. Rd3 Bf6 40. Kf3 g5 41. Bc1 Kf7 42. Ke4 Kg6 43. Ba3 a5 44. Bc5
Ra8 45. a4 Rb8 46. Ba7 Ra8 47. Bf2 Rb8 48. R1d2 b5 49. Ra2 bxa4 50. Rxa4
Rb5 51. Be1 c6 52. Rxa5 cxd5+ 53. Ke3 Rxa5 54. Bxa5 e5 55. b4 Kf5 56. g4+
Kxg4 57. b5 Kf5 58. b6 d4+ 59. Kf2 e4 60. Rb3 Rb7 61. Ke2 Be5 62. Rb5 Kf4
63. Be1 d3+ 64. Kd2 Bd4 65. Bg3+ Kf3 66. Bc7 Be3+ 67. Kc3 Bf4 68. Rf5 d2
69. Kc2 Ke2 70. Rd5 e3 0-1

[Event "57th ch-RUS Qualifier"]
[Site "St Petersburg RUS"]
[Date "2004.05.25"]
[Round "5"]
[White "Dobrov,V"]
[Black "Popov,Val"]
[Result "0-1"]
[WhiteElo "2477"]
[BlackElo "2547"]
[EventDate "2004.05.21"]

1. e4 e5 2. Nf3 Nc6 3. Bb5 a6 4. Ba4 Nf6 5. O-O Be7 6. Re1 b5 7. Bb3 d6 8.
c3 O-O 9. h3 h6 10. d4 Re8 11. a4 Bd7 12. g4 bxa4 13. Rxa4 Qc8 14. Kh2 Nd8
15. Ra5 Rb8 16. Nbd2 Bf8 17. Re3 exd4 18. cxd4 c5 19. d5 Bxg4 20. hxg4
Nxg4+ 21. Kg3 Nxe3 22. fxe3 Rb4 23. Bc4 f5 24. exf5 Qxf5 25. e4 Rxe4 26.
Nxe4 Rxc4 27. Ned2 Rg4+ 28. Kf2 Be7 29. Ra4 Bh4+ 30. Ke3 Bg5+ 31. Kf2 Bf4
32. Nf1 Nf7 33. Bxf4 Rxf4 34. Ne3 Qf6 35. Rxf4 Qxf4 36. Ke2 Ne5 37. Nxe5
Qxe5 38. b3 h5 39. Qd3 Qh2+ 40. Kf3 Qh1+ 41. Kf4 Qh4+ 42. Kf3 Qh3+ 43. Kf2
Qh2+ 44. Kf1 Qh1+ 45. Ke2 Qh2+ 46. Kd1 h4 47. Qg6 Qe5 48. Nf5 Kf8 49. Nxd6
Qxd5+ 50. Kc2 Kg8 51. Nf5 Qe4+ 52. Kd2 Qb4+ 53. Ke2 Qe4+ 54. Kf2 Qc2+ 55.
Kg1 Qb1+ 56. Kg2 h3+ 57. Kxh3 Qxb3+ 58. Kg4 Qc4+ 59. Kf3 Qf7 60. Qg5 g6 61.
Qd8+ Kh7 62. Qh4+ Kg8 63. Qd8+ Qf8 64. Qd5+ Qf7 65. Qd8+ Qf8 66. Qd5+ Kh8
67. Qe5+ Kh7 68. Qh2+ Kg8 69. Qa2+ Qf7 70. Qxf7+ Kxf7 71. Nd6+ Ke6 72. Ne4
Kd5 73. Ke3 Kc4 74. Nd6+ Kb4 75. Kd3 g5 0-1

[Event "57th ch-RUS Qualifier"]
[Site "St Petersburg RUS"]
[Date "2004.05.25"]
[Round "5"]
[White "Silivanov,S"]
[Black "Solovjov,S"]
[Result "0-1"]
[WhiteElo "2291"]
[BlackElo "2458"]
[EventDate "2004.05.21"]

1. e4 c5 2. c3 d6 3. d4 Nf6 4. dxc5 Nc6 5. Bc4 Nxe4 6. Bxf7+ Kxf7 7. Qh5+
Kg8 8. Qd5+ e6 9. Qxe4 d5 10. Qe2 Bxc5 11. Nf3 Qf6 12. O-O e5 13. Qb5 Qd6
14. b4 Bb6 15. Rd1 Be6 16. Ng5 Rf8 17. Be3 d4 18. cxd4 exd4 19. Nc3 h6 20.
Nf3 Rxf3 21. gxf3 Qf8 22. Kg2 dxe3 23. fxe3 Qxb4 24. Qxb4 Nxb4 25. Rab1 Nc2
26. Rd6 Nxe3+ 27. Kh1 Kf7 28. Na4 Nc4 29. Rdd1 Rc8 30. Nxb6 Nxb6 31. a4 Rc5
32. Kg2 Kf6 33. Rd4 Bd5 34. Kg3 Bc6 35. Rbb4 Nxa4 36. Rd6+ Ke7 37. Rg6 Kf7
38. Rbg4 Rg5 39. R6xg5 hxg5 40. Rxg5 b5 41. Kf4 Kf6 42. Rf5+ Ke6 43. Rg5 b4
44. Rg6+ Kd5 45. Rg5+ Kc4 46. Rg6 b3 47. Rxc6+ Nc5 48. Rg6 b2 49. Rg1 a5
50. Ke3 Kc3 51. Rg5 Nb3 52. Rg1 a4 0-1

[Event "57th ch-RUS Qualifier"]
[Site "St Petersburg RUS"]
[Date "2004.05.27"]
[Round "6"]
[White "Yevseev,D"]
[Black "Tregubov,P"]
[Result "1/2-1/2"]
[WhiteElo "2580"]
[BlackElo "2636"]
[EventDate "2004.05.21"]

1. d4 d5 2. c4 e6 3. Nc3 Be7 4. Nf3 Nf6 5. g3 dxc4 6. Bg2 c5 7. Qa4+ Nbd7
8. dxc5 O-O 9. Qxc4 Nxc5 10. Be3 Ncd7 11. O-O Nb6 12. Qb3 Nbd5 13. Rfd1 Qe8
14. Bd4 b6 15. Bxf6 Bxf6 16. Nxd5 exd5 17. e3 Bg4 18. Rd2 Rd8 19. Nd4 Qd7
20. Qb5 Qxb5 21. Nxb5 a6 22. Nd4 Rd6 23. Rc1 Rc8 24. Rxc8+ Bxc8 25. Kf1 Kf8
26. Ke2 Ke7 27. Kd3 a5 28. a4 Ba6+ 29. Nb5 g5 30. Rc2 Kd8 31. b3 d4 32. e4
Be5 33. f3 h5 34. Bh3 h4 35. gxh4 Rh6 36. Rc4 Ke7 37. Rc2 1/2-1/2